000
00185 a2200097 4500
020
_a
9780582416628
041
_a
eng
100
_a
Patricia Hermes
245
_a
Fly away home
942
_c
BK
999
_c
2993
_d
2993